000
00317nam a22001337a 4500
008
181106b xxu||||| |||| 00| 0 eng d
020
_a
9781413031904
041
_a
eng
080
_2
2nd
_a
371
100
_a
46
101
_a
EDU
245
_a
Step by Step to College & Career Success
_c
Gardner,J.N
942
_2
udc
_c
BK
999
_c
52029
_d
52029